000 00553nam a2200193Ia 4500
005 20250508153147.0
008 008 250505s9999 xx 000 0 eng d
037 _aTextual
040 _aFEDL
_beng
_cFEDL
041 _aeng
_2eng
084 _a334.04, GAD
_qFEDL
100 _aGangil D.R.
_9763288
245 0 _aTowards a co-operative commonwealth
260 _aChandigarh, India
_bPanjab University Publication Bureau
_c1961
300 _a109p.
650 _aEconomics
942 _cTEXL
_h334.04, GAD
999 _c1340956
_d1340956